Statistiques concernant Face à face - Animaux

Cliquez ici pour prendre le quiz!

Statistiques générales

  • Ce quiz a été pris 30 636 fois
  • Le résultat moyen est 11 sur 15

Statistiques - réponses

QuestionRéponse% Correct
Laquelle de ces espèces est principalement nocturne ?
96%
Lequel peut vivre le plus longtemps ?
95%
Lequel est inapte au vol ?
93%
Lequel a plus d'un cœur ?
93%
Lesquels sont le plus nombreux au total dans le monde ?
87%
Laquelle de ces espèces est un type de poisson ?
82%
Lequel a la période de gestation la plus longue ?
81%
Lequel s'est éteint le plus tôt ?
76%
Lequel a un statut de conservation "en danger critique d'extinction" selon l'UICN ?
74%
Lequel est un mammifère ?
74%
Laquelle n'est pas une espèce d'ours ?
71%
Lequel vit en Arctique ?
60%
Quelle famille est composée de plus d'espèces ?
59%
Lequel a une durée de vie plus courte (en moyenne) ?
48%
Lequel dort le plus longtemps par jour ?
24%

Distribution des résultats

Percentile par nombre de réponses

% des personnes avec chaque résultat

Votre développement - résultats

Vous n’avez pas pris ce quiz